000 01215nam0a2200325 4500
001 RU\NLR\bibl\1528362
005 20250616033142.0
010 _a978-5-386-02241-9
010 _a978-5-91213-153-0
_95000
021 _aRU
_b2010-39915
_92673
035 _a(NLR Aleph) 001519700
090 _a132551
_c132551
100 _a20100628d2010 |||y0rusy50 ca
101 0 _arus
102 _aRU
105 _ay |||||||||
200 1 _aАртрит, артроз, подагра. Болезни суставов
_eавторские методики лечения
_fН. Мазнев
210 _aМосква
_cДом XXI век
_cРИПОЛ классик
_d2010
215 _a511 с.
_d15
517 0 _aБолезни суставов
606 1 _aСуставы
_jПопулярные издания
_xБолезни
_xТерапия народными средствами
_92313471
_3RU\NLR\auth\661384450
686 _aР418.12-5я9
700 1 _4070
_aМазнев
_bН. И.
_f1949-
_gНиколай Иванович
_9135721
_3RU\NLR\AUTH\770135756
801 0 _aRU
_bNLR
_c20100628
_gRCR
801 1 _aRU
_bNLR
_c20100628
830 _aпо кн
942 _cBOOK
980 _aNB